| 000 | 00565nam a2200181 i 4500 | ||
|---|---|---|---|
| 001 | 138325 | ||
| 003 | ES-MaACL | ||
| 005 | 20230906195538.0 | ||
| 007 | t| | ||
| 008 | 070214s1931 sp r ||||1| spa d | ||
| 100 | 1 |
_aSanchís Perpiñá, Vicente. _9103019 |
|
| 245 | 1 | 0 |
_aNuestra técnica en la mensuración de la cadera / _cV. Sanchís Perpiñá. |
| 260 |
_aMadrid : _b[s. n.], _c1931. |
||
| 300 |
_a8 p. : _bil. ; _c30 x 23 cm. |
||
| 595 | _aSeparata de "Los Progresos de la Clínica", nº 237. | ||
| 650 | 4 |
_aCadera. _9151110 |
|
| 852 |
_aES-MaACL _j1755-F-14 |
||
| 999 |
_c138325 _d138325 |
||